000 00425nam a2200145 4500
999 _c371651
_d371651
008 220531b ||||| |||| 00| 0 eng d
040 _aDE-2950
_cDE-2950
041 _apol
245 _aArchivum Panstwowego w Gorzowie Wielkopolskim :
_bw sieci archiwow panstwowych
260 _aGorzow Wiwelkopolski:
_bSonar,
_c2021
300 _a120 S.:
_bzahlr. Abb.
653 _aGorzow Wielkoposki
653 _aArchiv
942 _2z
_cB